Moslimkou na jeden deň

Skúsenosti autorky s diskrimináciou moslimov u nás.

Gespeichert in:
Bibliographische Detailangaben
1. Verfasser: Svoreňová, Soňa
Format: Buchkapitel
Sprache:Slowakisch
Schlagworte:
Tags: Tag hinzufügen
Keine Tags, Fügen Sie das erste Tag hinzu!

MARC

LEADER 00000naa$a2200000$$$4500
001 0104075
005 20240502072134.0
041 0 |a slo 
044 |a SK 
245 1 0 |a Moslimkou na jeden deň  |c Soňa Svoreňová 
520 |a Skúsenosti autorky s diskrimináciou moslimov u nás. 
610 2 0 |a islam 
610 2 0 |a diskriminácia 
610 2 0 |a Slovensko 
100 1 |a Svoreňová, Soňa